Kurs fiziki. Tom 2., Učenije ob električestve. /

Uložené v:
Podrobná bibliografia
Hlavný autor: Putilov, Konstantin Anatol`jevič (Author)
Médium: Kniha
Jazyk:Russian
Vydané: Moskva : Gosudarstvennoje izdatel`stvo fiziko-matematičeskoj literatury, 1959
Vydanie:4. preprac. vyd.
Témy:
ISBN: (viaz.)
Fyzický popis: 583 s.
Tagy: Pridať tag
Žiadne tagy, Buďte prvý kto otaguje tento záznam!

MARC

LEADER 00000nam a2200000 a 4500
001 000027872
003 SVKK
005 19970826000000.0
008 970428s1959 ru e ruso
020 |a (viaz.) 
040 |a SVKKK  |b slo  |c SVKKK  |e AACR2 
041 0 |a rus 
044 |a ru  |c RU 
080 |a 53(075.8)  |2 1997 
080 |a 537(075.8)  |2 1997 
080 |a 538(075.8)  |2 1997 
100 1 |a Putilov, Konstantin Anatol`jevič  |4 aut 
245 1 0 |a Kurs fiziki.  |n Tom 2.,  |p Učenije ob električestve. /  |c Konstantin Anatol`jevič Putilov 
246 3 0 |a Učenije ob električestve. 
250 |a 4. preprac. vyd. 
260 |a Moskva :  |b Gosudarstvennoje izdatel`stvo fiziko-matematičeskoj literatury,  |c 1959 
300 |a 583 s. 
653 0 |a fyzika  |2 SVKKKPH 
653 0 |a elektrina  |2 SVKKKPH 
653 0 |a učebnice vysokých škôl  |2 SVKKKPH 
655 7 |a učebnice vysokých škôl  |2 SVKKKPH 
910 |a svkkk 
974 |a MI  |d 19970519 
974 |a PA  |d 19970611 
974 |a PA  |d 19970826 
998 |a BK 
090 |g SCKHL  |k Sklad Pribinova 2. posch.  |a III.80874  |j 199911  |i 2720757094  |4 Zastaraná  |s Vyradená 
090 |g SCKHL  |k Sklad Pribinova prízemie  |a IV.175129  |j 906417  |i 27872-10  |s Prezenčne